000 00300nam a22001337a 4500
008 170522b xxu||||| |||| 00| 0 eng d
020 _a9781578430666
041 _aeng
080 _a94
100 _a16
101 _aSHH
245 _aA CAPSULE HISTORY OF BAPTISTS
_cGOURLEY, B.T
942 _2udc
_cBK
999 _c13637
_d13637